Statistics for Former Country and City Names

Click here to take the quiz!

General Stats

  • This quiz has been taken 71 times
  • The average score is 10 of 16

Answer Stats

Historic NameModern Name% Correct
PekingBeijing
93%
ZaireD. R. Congo
91%
BombayMumbai
90%
BurmaMyanmar
88%
British HondurasBelize
79%
AbyssiniaEthiopia
79%
CalcuttaKolkata
78%
Gold CoastGhana
70%
DaccaDhaka
64%
MadrasChennai
57%
CathayChina
49%
Gilbert IslandsKiribati
46%
DahomeyBenin
43%
NyasalandMalawi
42%
New HebridesVanuatu
30%
Sudanese RepublicMali
25%

Score Distribution

Percentile by Number Answered

Percent of People with Each Score

Your Score History

You have not taken this quiz